000 01616nam a22002537a 4500
999 _c63745
_d63745
003 Ge_BSU
005 20251219161746.0
008 251219s2024 ge ||||| |||| 00| 0 geo d
020 _a9789941358876
041 _ageo
080 _a811.111(71)-31 ე-87
100 _aეტვუდი, მარგარეტ
_926566
245 _aმხევლის წიგნი :
_b [რომანი] /
_cმარგარეტ ეტვუდი; ინგლისურიდან თარგმნა ანა კოპალიანმა; რედაქტორი მაია ალუდაური; დიზაინერი თამარ ჯანთიშვილი.
264 _aთბილისი :
_bპალიტრა L,
_c2024.
300 _a364 გვ. ;
_b21 სმ.
490 _aკიდევ 15 წიგნი, რომელიც უნდა წაიკითხო, სანამ ცოცხალი ხარ ;
_vწიგნი 2
500 _aგარეკანი ქართულ და ინგლისურ ენებზე.
501 _a განმარტებები: გვ. 343-362.
653 _aკანადური პროზა -- თარგმანები ქართულ ნეაზე.
700 _aკოპალიანი, ანა
_eმთარგმნელი
_926567
700 _aალუდაური, მაია
_eრედაქტორი
_92096
700 _aჯანთიშვილი, თამარ
_eდიზაინერი
_926568
942 _2udc
_cᲬᲘᲒᲜᲘ